| 000 | 00719nam a2200241 i 4500 | ||
|---|---|---|---|
| 001 | 5726 | ||
| 003 | ES-MaACL | ||
| 005 | 20230906144655.0 | ||
| 007 | t| | ||
| 008 | 890516s1984 sp ||||1| spa d | ||
| 020 | _a84-7339-712-6 | ||
| 080 | _a91(464.315) | ||
| 100 | 1 |
_aPillet, Felix. _992032 |
|
| 245 | 1 | 0 |
_aGeografía urbana de Ciudad Real _b: (1255-1980) / _cFélix Pillet. |
| 260 |
_aMadrid : _bAkal, _cD.L. 1984. |
||
| 300 |
_a648 p. : _bil. ; _c22 cm. |
||
| 490 | 1 |
_aAkal universitaria ; _v84 |
|
| 500 | _aBibliografia. | ||
| 651 | 4 |
_aCiudad Real- _xGeografía urbana. _98067 |
|
| 830 | 0 |
_aAkal universitaria ; _v84 _9177901 |
|
| 852 |
_aES-MaACL _jL-12716 _bR.115646 _z. - rust. |
||
| 999 |
_c5726 _d5726 |
||